| 000 | 01867cam a2200289 a 4500 | ||
|---|---|---|---|
| 001 | 000009069 | ||
| 005 | 20200929161459.0 | ||
| 008 | 970829s1996 mx 001 e spa d | ||
| 020 | _a9681903064 | ||
| 040 |
_aDO-SdBNP _cTFW _dBNPHU |
||
| 082 |
_aA860.44 _bV831c |
||
| 245 | 0 | 0 |
_aVisiones cortazarianas : _bhistoria, política y literatura hacia el fin del milenio / _cGabriel García Márquez...[et al] ; prólogo, Carlos Fuentes, cuidado de la edición, Enrique Mercado, Freja I. Cervantes, Guadalupe Tolosa. |
| 260 |
_aMéxico, D. F. : _bCatedra lationoamericana Julio Cortázar ; _bNuevo siglo ; _bAguilar, _c1996. |
||
| 300 |
_a148 p. ; _c22 cm. |
||
| 504 | _aIncluye referencias bibliográficas y notas al pie de las páginas | ||
| 504 | _aIncluye bibliografía (p. 78-81) | ||
| 505 | _aPresentación / Raúl Padilla -- Prólogo / Carlos Fuentes -- Lección inaugural / Gabriel García Márquez -- Contradicciones al interior del nuevo orden mundial, una visión cortazariana / César Gaviria -- Julio Cortázar: gran cosmoargentino / Steven Boldy -- Ambigüedad de la identidad, fluctuación de la nación, avatares de lo mexicano a través de los siglos / Jacques Lafaye -- Entre Maastrich y Sarajevo / Pierre Schori -- Soberanía para qué? La evolución histórica de un concepto en México / Lorenzo Meyer -- Mito, historia y ficción / Tomás Eloy Martínez -- La reforma constitucional argentina de 1994 / Raúl Alfonsín. | ||
| 600 | 1 | 4 |
_aCORTÁZAR, JULIO _d1914-1984 _xCRÍTICA E INTERPRETACIÓN _92944 |
| 651 | 4 |
_aAmérica Latina _xHistoria _91786 |
|
| 651 | 4 |
_aArgentina _xPolítica Y Gobierno _923711 |
|
| 700 | 1 |
_aFuentes, Carlos, _epról. _917556 |
|
| 700 | 1 |
_aMercado, Enrique, _eed. _923712 |
|
| 700 | 1 |
_aCervantes, Freja I., _eed. _923713 |
|
| 700 | 1 |
_aTolosa, Guadalupe, _eed. _923714 |
|
| 910 | _aCatalogación por copia / LC | ||
| 049 | _aBNGR | ||
| 999 |
_c8833 _d8833 |
||